Liliana Porter : (Record no. 1391)
[ view plain ]
| 000 -CABECERA | |
|---|---|
| campo de control de longitud fija | 00894cam a2200229 a 4500 |
| 001 - NÚMERO DE CONTROL | |
| campo de control | 000001485 |
| 003 - IDENTIFICADOR DEL NÚMERO DE CONTROL | |
| campo de control | DO-SdBNP |
| 005 - FECHA Y HORA DE LA ÚLTIMA TRANSACCIÓN | |
| campo de control | 20240221090227.0 |
| 008 - DATOS DE LONGITUD FIJA--INFORMACIÓN GENERAL | |
| campo de control de longitud fija | 921208s1991 pr ac 000 0 spa |
| 040 ## - FUENTE DE LA CATALOGACIÓN | |
| Centro catalogador/agencia de origen | DO-SdBNP |
| Centro/agencia modificador | BNPHU |
| Centro/agencia transcriptor | spa |
| 082 ## - NÚMERO DE LA CLASIFICACIÓN DECIMAL DEWEY | |
| Número de clasificación | 760.97295 |
| Número de documento/Ítem | P844ó |
| 100 1# - ENTRADA PRINCIPAL--NOMBRE DE PERSONA | |
| Nombre de persona | Porter, Liliana, |
| Fechas asociadas al nombre | 1941- |
| 9 (RLIN) | 4905 |
| 245 10 - MENCIÓN DE TÍTULO | |
| Título | Liliana Porter : |
| Resto del título | Obra gráfica, 1964-1990. |
| 260 ## - PUBLICACIÓN, DISTRIBUCIÓN, ETC. | |
| Lugar de publicación, distribución, etc. | Puerto Rico : |
| Nombre del editor, distribuidor, etc. | Comisión Puertorriqueña, |
| Fecha de publicación, distribución, etc. | 1991. |
| 300 ## - DESCRIPCIÓN FÍSICA | |
| Extensión | xvi, 127 P. : |
| Otras características físicas | il., retrs. ; |
| Dimensiones | 25 cm. |
| 500 ## - NOTA GENERAL | |
| Nota general | lX Bienal de San Juan del Grabado Latinoamericano y del Caribe. En conmemoración del encuentro de dos mundos : Centro de recepciones del gobierno, San Juan, Puerto Rico. 2 de marzo al 28 de mayo 1991. |
| 650 #4 - PUNTO DE ACCESO ADICIONAL DE MATERIA--TÉRMINO DE MATERIA | |
| Término de materia o nombre geográfico como elemento de entrada | Artes gráficas |
| Subdivisión de forma | Obras ilustradas |
| 9 (RLIN) | 4906 |
| 650 #4 - PUNTO DE ACCESO ADICIONAL DE MATERIA--TÉRMINO DE MATERIA | |
| Término de materia o nombre geográfico como elemento de entrada | Puerto rico |
| 9 (RLIN) | 4907 |
| 650 #4 - PUNTO DE ACCESO ADICIONAL DE MATERIA--TÉRMINO DE MATERIA | |
| Término de materia o nombre geográfico como elemento de entrada | Arte |
| Subdivisión de forma | Exposiciones |
| 9 (RLIN) | 4908 |
| 910 ## - DATOS DE OPCIÓN DEL USUARIO (OCLC) | |
| Datos de opción del usuario | Catalogación derivada / LC |
| 942 ## - ELEMENTOS DE PUNTO DE ACCESO ADICIONAL (KOHA) | |
| Fuente del sistema de clasificación o colocación | Dewey Decimal Classification |
| Tipo de ítem Koha | Libro |
| Estado de retiro | Estado de pérdida | Restricciones de uso | No para préstamo | Código de colección | Localización permanente | Ubicación/localización actual | Ubicación en estantería | Fecha de adquisición | Número de inventario | Total de préstamos | Signatura topográfica completa | Código de barras | Fecha visto por última vez | Precio válido a partir de | Tipo de ítem Koha |
|---|---|---|---|---|---|---|---|---|---|---|---|---|---|---|---|
| Préstamo interno | Monografías: Libros y Folletos | General | General | Depósito | 22.09.2009 | LF1 | 760.97295 P844ó | 1485-10 | 25.06.2020 | 25.06.2020 | Préstamo interno |
